Southville International School and Colleges
Your cart is empty.
  • Cart
  • Lists
    Public lists Eva Luna New books Lux_list list_1
    Your lists Log in to create your own lists
  • Log in to your account
  • Your cookies
  • Search history
Southville International School and Colleges
  • Advanced search
  • Recent comments
  • Most popular
  • Libraries

Log in to your account

Log in with GOOGLE


If you do not have an external account, but do have a local account, you can still log in:

  1. Home
  2. MARC view: Essentials of organizational behavior /
Normal view MARC view ISBD view

Essentials of organizational behavior / (Record no. 283725)

[ view plain ]
MARC details
000 -LEADER
fixed length control field 01313cam a2200277 a 4500
001 - CONTROL NUMBER
control field SSB062169
003 - CONTROL NUMBER IDENTIFIER
control field SISC
005 - DATE AND TIME OF LATEST TRANSACTION
control field 20170125102645.0
008 - FIXED-LENGTH DATA ELEMENTS--GENERAL INFORMATION
fixed length control field 100729s2012 njua b 001 0 eng
010 ## - LIBRARY OF CONGRESS CONTROL NUMBER
LC control number 2010031990
020 ## - INTERNATIONAL STANDARD BOOK NUMBER
International Standard Book Number 9780273752660
020 ## - INTERNATIONAL STANDARD BOOK NUMBER
International Standard Book Number 9780273779766
035 ## - SYSTEM CONTROL NUMBER
System control number (OCoLC)ocn651153797
040 ## - CATALOGING SOURCE
Original cataloging agency DLC
Transcribing agency DLC
Modifying agency YDX
-- YDXCP
-- BWX
-- DLC
050 00 - LIBRARY OF CONGRESS CALL NUMBER
Classification number HD 58.7
Item number .R538 2013
100 1# - MAIN ENTRY--PERSONAL NAME
Personal name Robbins, Stephen P.
Dates associated with a name 1943-
245 10 - TITLE STATEMENT
Title Essentials of organizational behavior /
Statement of responsibility, etc Stephen P. Robbins, Timothy A. Judge.
250 ## - EDITION STATEMENT
Edition statement 11th edition.
260 ## - PUBLICATION, DISTRIBUTION, ETC. (IMPRINT)
Place of publication, distribution, etc Upper Saddle River, N.J. :
Name of publisher, distributor, etc Pearson Prentice Hall,
Date of publication, distribution, etc 2013.
300 ## - PHYSICAL DESCRIPTION
Extent xxv, 334 pages :
Other physical details illustrations ;
Dimensions 24 cm.
504 ## - BIBLIOGRAPHY, ETC. NOTE
Bibliography, etc Includes bibliographical references and index.
505 0# - FORMATTED CONTENTS NOTE
Formatted contents note Introduction to organizational behavior -- Diversity in organizations -- Perception and individual decision making -- Job attitudes -- Motivation concepts -- Motivation: from concepts to applications -- Emotions and moods -- Foundations of group behavior -- Understanding work teams -- Communication -- Leadership -- Power and politics -- Conflict and negotiation -- Foundations of organization structure -- Organizational culture -- Organizational change.
650 #0 - SUBJECT ADDED ENTRY--TOPICAL TERM
Topical term or geographic name as entry element Organizational behavior.
700 1# - ADDED ENTRY--PERSONAL NAME
Personal name Judge, Tim.
942 ## - ADDED ENTRY ELEMENTS (KOHA)
Source of classification or shelving scheme Library of Congress Classification
Koha item type Books
Holdings
Withdrawn status Lost status Source of classification or shelving scheme Damaged status Home library Current library Shelving location Date acquired Source of acquisition Sub Shelving location Total Checkouts Total Renewals Full call number Barcode Date last seen Date checked out Price effective from Koha item type
    Library of Congress Classification   College Library College Library Reserve Section 03/05/2015 Library Fund   2 3 HD 58.7 .R538 2013 C19154 05/15/2018 03/04/2017 03/05/2015 Books
    Library of Congress Classification   College Library College Library Reserve Section 11/23/2015 Library Fund   3   HD 58.7 .R538 2013 C20290 05/15/2018 02/09/2018 11/23/2015 Books

Essentials of organizational behavior /

APA

Robbins S. P., Judge T., . (2013). Essentials of organizational behavior. Upper Saddle River, N.J: Pearson Prentice Hall.

Chicago

Robbins Stephen P, Judge Tim, . 2013. Essentials of organizational behavior. Upper Saddle River, N.J: Pearson Prentice Hall.

Harvard

Robbins S. P., Judge T., . (2013). Essentials of organizational behavior. Upper Saddle River, N.J: Pearson Prentice Hall.

MLA

Robbins Stephen P, Judge Tim, . Essentials of organizational behavior. Upper Saddle River, N.J: Pearson Prentice Hall. 2013.

  • Place hold
  • Print
  • Cite
  • Add to your cart (remove)
  • Save record
    BIBTEX Dublin Core MARCXML MARC (non-Unicode/MARC-8) MARC (Unicode/UTF-8) MARC (Unicode/UTF-8, Standard) MODS (XML) RIS
  • More searches
    Search for this title in:
    Other Libraries (WorldCat) Other Databases (Google Scholar) Online Stores (Bookfinder.com) Open Library (openlibrary.org)

Exporting to Dublin Core...

SOUTHVILLE LIBRARY

Southville International School and Colleges Library

1281 Tropical Ave. Cor. Luxembourg St., BF Homes International, Las Pinas City

Tel. No. 8256374 / 252358 Loc. 117/146

Powered by Koha